Giáo trình Hán ngữ cao cấp

保存先:
書誌詳細
フォーマット: 図書
タグ: タグ追加
タグなし, このレコードへの初めてのタグを付けませんか!
Thư viện lưu trữ: Mạng thư viện Đại học Đà Nẵng
LEADER 00405nam a22001691a 4500
001 000036965
003 13260
005 20160412014950.0
008 160412s0 000
082 |a 4H(07)495 
245 |a Giáo trình Hán ngữ cao cấp 
OWN |a LNN 
999 |a From the UDN01 
TYP |a Monograph 
980 |a Mạng thư viện Đại học Đà Nẵng